| 000 | 00621nam a2200229Ia 4500 | ||
|---|---|---|---|
| 003 | OSt | ||
| 005 | 20230406095909.0 | ||
| 008 | 210423s2010 xx 000 0 und d | ||
| 020 | _a9788130908625 | ||
| 040 | _cAL | ||
| 041 | _aeng | ||
| 082 |
_a338.5 MANE _223 |
||
| 100 |
_aMANSFIELD (Edwin);YOHE (Gary) _984011 |
||
| 245 | _aMicroeconomics: theory applications | ||
| 260 |
_aNew Delhi _bViva Books Pvt Ltd _c2010 |
||
| 300 |
_axxiv,714,A50 _bPB |
||
| 365 |
_b795 _cINR |
||
| 650 |
_aEconomics _984012 |
||
| 650 |
_aMicroeconomics _984013 |
||
| 906 | _aapplications ; Microeconomics: ; theory | ||
| 942 |
_2ddc _cBK |
||
| 999 |
_c158805 _d158805 |
||